National teams which Lionel Messi has scored against - Statistics

General Stats
  • This quiz has been taken 1,030 times
    962 since last reset
  • The average score is 25 of 44
Answer Stats
Hint Answer % Correct
17.11.2010 Friendly Brazil
94%
9.6.2012 Friendly Brazil
94%
9.6.2012 Friendly Brazil
94%
9.6.2012 Friendly Brazil
94%
15.8.2012 Friendly Germany
85%
11.2.2009 Friendly France
84%
11.10.2008 World cup qualification Uruguay
83%
12.10.2012 World cup qualification Uruguay
83%
12.10.2012 World cup qualification Uruguay
83%
7.10.2011 World cup qualification Chile
82%
16.10.2012 World cup qualification Chile
82%
14.11.2009 Friendly Spain
80%
7.9.2010 Friendly Spain
80%
9.2.2011 Friendly Portugal
77%
4.6.2008 Friendly Mexico
76%
20.11.2007 World cup qualification Colombia
75%
15.11.2011 World cup qualification Colombia
75%
8.7.2007 Copa America Peru
71%
11.7.2007 Copa America Peru
71%
7.9.2012 World cup qualification Paraguay
70%
10.9.2013 World cup qualification Paraguay
70%
10.9.2013 World cup qualification Paraguay
70%
16.10.2007 World cup qualification Venezuela
64%
28.3.2009 World cup qualification Venezuela
64%
22.3.2013 World cup qualification Venezuela
64%
2.6.2012 World cup qualification Ecuador
63%
25.6.2014 World cup Nigeria
62%
25.6.2014 World cup Nigeria
62%
21.6.2014 World cup Iran
43%
15.6.2014 World cup Bosnia and Herzegovina
40%
1.3.2006 Friendly Croatia
40%
29.2.2012 Friendly Switzerland
36%
29.2.2012 Friendly Switzerland
36%
29.2.2012 Friendly Switzerland
36%
16.6.2006 World cup Serbia and Montenegro
34%
6.6.2007 Friendly Algeria
20%
6.6.2007 Friendly Algeria
20%
7.6.2014 Friendly Slovenia
14%
14.6.2013 Friendly Guatemala
13%
14.6.2013 Friendly Guatemala
13%
14.6.2013 Friendly Guatemala
13%
20.6.2011 Friendly Albania
10%
14.10.2014 Friendly Hong Kong
5%
14.10.2014 Friendly Hong Kong
5%
No matching quizzes found
Score Distribution
Percent of People with Each Score
Percentile by Number Answered
Your Score History
You have not taken this quiz since the last reset